000 00695nam a2200229Ia 4500
001 15805
003 GE_BSU
008 181216s||||||||xx |||||||||||||| ||und||
040 _cGE_BSU
080 _a821.353.1-32
100 _aჭანტურია, ვოლტერ
245 _aპოსეიდონი
245 _bმოთხრობები
245 _cრედ.შ.ზოიძე. მხატვ. გ.ხოჯაშვილი
260 _aბათუმი
260 _bსაბჭ. აჭარა
260 _c1975
300 _a130გვ. ; 16სმ
653 _aმოთხრობები
653 _aპოსეიდონი
942 _cBK
999 _c48902
_d48902